Complete course in astrobiology (Record no. 1209969)
[ view plain ]
| 000 -LEADER | |
|---|---|
| fixed length control field | 01071nam a2200325Ia 4500 |
| 003 - CONTROL NUMBER IDENTIFIER | |
| control field | OSt |
| 005 - DATE AND TIME OF LATEST TRANSACTION | |
| control field | 20221007122224.0 |
| 008 - FIXED-LENGTH DATA ELEMENTS--GENERAL INFORMATION | |
| fixed length control field | 221006b |||||||| |||| 00| 0 eng d |
| 020 ## - INTERNATIONAL STANDARD BOOK NUMBER | |
| International Standard Book Number | 9783527406609 (pbk) |
| 037 ## - SOURCE OF ACQUISITION | |
| Terms of availability | Textual |
| 040 ## - CATALOGING SOURCE | |
| Original cataloging agency | PAPL |
| Transcribing agency | PAPL |
| Language of cataloging | eng |
| 041 ## - LANGUAGE CODE | |
| Source of code | eng |
| Language code of text/sound track or separate title | eng |
| 100 ## - MAIN ENTRY--PERSONAL NAME | |
| Personal name | Horneck Gerda Ed. |
| 9 (RLIN) | 713733 |
| 245 #0 - TITLE STATEMENT | |
| Title | Complete course in astrobiology |
| Remainder of title | Rettberg Petra Ed. |
| 260 ## - PUBLICATION, DISTRIBUTION, ETC. | |
| Place of publication, distribution, etc. | Weinheim |
| Name of publisher, distributor, etc. | Wiley-Vch Verlag GmbH & Co. |
| Date of publication, distribution, etc. | 2007 |
| 300 ## - PHYSICAL DESCRIPTION | |
| Extent | xx, 413p. Includes CD-Rom |
| Dimensions | cm. |
| 490 ## - SERIES STATEMENT | |
| Series statement | Physics textbook |
| 500 ## - GENERAL NOTE | |
| General note | Index 399-412p. |
| 650 ## - SUBJECT ADDED ENTRY--TOPICAL TERM | |
| Topical term or geographic name entry element | Exobiology |
| 9 (RLIN) | 713734 |
| 650 ## - SUBJECT ADDED ENTRY--TOPICAL TERM | |
| Topical term or geographic name entry element | Life-Origin |
| 9 (RLIN) | 713735 |
| 650 ## - SUBJECT ADDED ENTRY--TOPICAL TERM | |
| Topical term or geographic name entry element | Space biology |
| 9 (RLIN) | 713736 |
| 650 ## - SUBJECT ADDED ENTRY--TOPICAL TERM | |
| Topical term or geographic name entry element | Physics |
| 700 ## - ADDED ENTRY--PERSONAL NAME | |
| Personal name | Rettberg Petra Ed. |
| 9 (RLIN) | 713737 |
| 942 ## - ADDED ENTRY ELEMENTS (KOHA) | |
| Classification part | B9:(G), P7 Carpa |
| Koha item type | Textual |
| Source of classification or shelving scheme | Colon Classification (CC) |
| Withdrawn status | Lost status | Source of classification or shelving scheme | Damaged status | Not for loan | Home library | Current library | Date acquired | Source of acquisition | Total Checkouts | Full call number | Barcode | Date last seen | Price effective from | Koha item type |
|---|---|---|---|---|---|---|---|---|---|---|---|---|---|---|
| Colon Classification (CC) | Department of Physics and Astrophysics Library | Department of Physics and Astrophysics Library | 2022-10-07 | 2253, 13/12/2007, Unilib Book Distributors | B9:(G) P7 Carpa | PA0006073 | 2022-10-07 | 2022-10-07 | Textual |
